Multiple Choice City Quiz – Panama City - Statistics

General Stats
  • This quiz has been taken 9 times
    7 since last reset
  • The average score is 5 of 10
Answer Stats
Question Answer % Correct
The original name for Panama City is Panamá Viejo, meaning... Old Panama
100%
In the 1980s, Panama City became a center for... International banking
67%
Martyrs' Day is the remembrance over what event in Panama City? Anti-American protests over the Panama Canal Zone
50%
One of the most famous from Panama City, Alfredo Sinclair is a signature Panamanian... Artist
50%
What happened to the original Panama City? Burned down in a fire due to Henry Morgan
50%
Which of these cities is a twin city to Panama City? Charleston
50%
What is the primary international airport for Panama City? Tocumen International Airport
50%
What is the name of Panama City's land reclamation project? Cinta Costera
17%
Which Spanish conquistador founded Panama City? Pedro Arias de Ávila
17%
What is the tallest building in Panama City? JW Marriott Panama
0%
No matching quizzes found
Score Distribution
Percent of People with Each Score
Percentile by Number Answered
Your Score History
You have not taken this quiz since the last reset